Deterministické modely rozvrhování výroby /

Saved in:
Bibliographic Details
Main Author: Vlach, Milan (Author)
Format: Book
Language:Czech
Published: Praha : SNTL, 1983
Edition:1.vyd.
Subjects:
Tags: Add Tag
No Tags, Be the first to tag this record!

MARC

LEADER 00000nam a22000003a 4500
001 stu44051
005 20150617225717.5
008 950123s1983----cs------------------cze-d
040 |a STU  |b slo 
041 0 |a cze 
044 |a cs 
080 |a 519.863 
080 |a 338.3 
100 1 |a Vlach, Milan  |4 aut 
245 1 |a Deterministické modely rozvrhování výroby /  |c [aut.]Milan Vlach 
250 |a 1.vyd. 
260 |a Praha :  |b SNTL,  |c 1983 
300 |a 129 s 
650 7 |a výskum operačný  |2 stusub 
650 7 |a výroba  |2 stusub 
650 7 |a riadenie  |2 stusub 
650 7 |a metódy matematické  |2 stusub 
996 |b 284M045554  |c M*1034-1  |l MMKN  |s A  |a 24  |w stu44051_0001 
996 |b 284M054108  |c M*1034-2  |l MMKN  |s A  |a 24  |w stu44051_0002 
996 |b M 20037  |c M*1034-3  |l MMKN  |s A  |a 24  |w stu44051_0003